| 000 | 00755nam a2200289Ia 4500 | ||
|---|---|---|---|
| 005 | 20250425160722.0 | ||
| 008 | 250425s9999 xx 000 0 und d | ||
| 020 | _a9688802352 | ||
| 041 | _aspa | ||
| 043 | _amx | ||
| 082 | _a519 | ||
| 100 | _aMILLER, IRWIN | ||
| 245 | 0 | _aPROBABILIDAD Y ESTADISTICA PARA INGENIEROS | |
| 250 | _a4A ED. | ||
| 260 | _aMEXICO | ||
| 260 |
_aMéxico _bPRENTICE-HALL _c1992 |
||
| 300 | _a624 | ||
| 500 | _aTítulo Traducido: PROBABILITY AND STATISTICS FOR ENGINEERS | ||
| 650 | _aANALISIS DE VARIANCIA | ||
| 650 | _aESTADISTICAS | ||
| 650 | _aPROBABILIDAD | ||
| 700 | _aFREUND, JOHN E. | ||
| 700 | _aJOHNSON, RICHARD A. | ||
| 700 |
_aVIRGILIO GONZALEZ POZO _etraductor |
||
| 942 | _c01 | ||
| 010 | _a3415 | ||
| 999 |
_c194783 _d194783 |
||